| 000 | 01142nam a22003377i 4500 | ||
|---|---|---|---|
| 003 | EG-GICUC | ||
| 005 | 20260121101733.0 | ||
| 008 | 260118s1982 fr a|||fr|||| 001 0 fre d | ||
| 020 | _a224700346x | ||
| 040 |
_aEG-GiCUC _bfre _cEG-GiCUC _dEG-GiCUC _eRda |
||
| 041 | _afre | ||
| 082 | 0 | 4 |
_221 _a341.3 _bME . S |
| 092 | 0 | 4 | _221 |
| 099 | _aLaw1 11 341.3 ME . S 3 ed - 1982 | ||
| 100 | 1 |
_aMerle, Marcel. _eAuteur |
|
| 245 | 1 | 0 |
_aSociologie Des Relations Internationales / _cpar Marcel Merle. |
| 250 | _a3e ed́. entièrement rev. et mise à jour. | ||
| 264 | 1 |
_aParis : _bDalloz, _c1982. |
|
| 300 |
_axiv, 527 pages : _billustration ; _c 24 cm. |
||
| 336 |
_2rda contenu _a texte |
||
| 337 |
_2rda medias _aOrdinateur |
||
| 338 |
_2 transporteur rda _a Ressource en ligne |
||
| 490 | 0 | _aÉtudes politiques, économiques et sociales | |
| 504 | _aComprend des Bibliographie et un index. | ||
| 546 | _aTexte en français | ||
| 650 | 1 | 4 |
_aRelations internationales _xDroit international public _2qrmak |
| 651 | 1 | _2qrmak | |
| 856 | 4 | 0 | _uhttps://fll.law.cu.edu.eg/fulltext/bks/B11-06985.pdf |
| 905 | _a75 | ||
| 942 |
_2ddc _cBK _e21 _n0 |
||
| 999 |
_c57395 _d57395 |
||